| 000 -LEADER |
| fixed length control field |
02973cam a2200421 a 4500 |
| 001 - CONTROL NUMBER |
| control field |
6866141 |
| 005 - DATE AND TIME OF LATEST TRANSACTION |
| control field |
20170105102937.0 |
| 008 - FIXED-LENGTH DATA ELEMENTS--GENERAL INFORMATION |
| fixed length control field |
080116s2009 nyu b 001 0 eng |
| 010 ## - LIBRARY OF CONGRESS CONTROL NUMBER |
| LC control number |
2008002207 |
| 020 ## - INTERNATIONAL STANDARD BOOK NUMBER |
| International Standard Book Number |
9780415432269 (hardback : alk. paper) |
| 020 ## - INTERNATIONAL STANDARD BOOK NUMBER |
| International Standard Book Number |
041543226X (hardback : alk. paper) |
| 020 ## - INTERNATIONAL STANDARD BOOK NUMBER |
| International Standard Book Number |
9780415432276 (pbk. : alk. paper) |
| 020 ## - INTERNATIONAL STANDARD BOOK NUMBER |
| International Standard Book Number |
0415432278 (pbk. : alk. paper) |
| 020 ## - INTERNATIONAL STANDARD BOOK NUMBER |
| International Standard Book Number |
9780203894194 (ebook : alk. paper) |
| 020 ## - INTERNATIONAL STANDARD BOOK NUMBER |
| International Standard Book Number |
0203894197 (ebook : alk. paper) |
| 035 ## - SYSTEM CONTROL NUMBER |
| System control number |
(OCoLC)ocn191207246 |
| 035 ## - SYSTEM CONTROL NUMBER |
| System control number |
(OCoLC)191207246 |
| 035 ## - SYSTEM CONTROL NUMBER |
| System control number |
(NNC)6866141 |
| 040 ## - CATALOGING SOURCE |
| Original cataloging agency |
DLC |
| Transcribing agency |
DLC |
| Modifying agency |
BAKER |
| -- |
YDXCP |
| -- |
BTCTA |
| -- |
BWK |
| -- |
OCLCG |
| -- |
OrLoB-B |
| 050 00 - LIBRARY OF CONGRESS CALL NUMBER |
| Classification number |
JZ5588 |
| Item number |
.R49 2009. |
| 082 00 - DEWEY DECIMAL CLASSIFICATION NUMBER |
| Classification number |
355.033 |
| Edition number |
22 |
| Author Mark |
RET 2008 |
| 245 00 - TITLE STATEMENT |
| Title |
Rethinking insecurity, war and violence : |
| Remainder of title |
beyond savage globalization? / |
| Statement of responsibility, etc. |
edited by Damian Grenfell and Paul James. |
| 260 ## - PUBLICATION, DISTRIBUTION, ETC. |
| Place of publication, distribution, etc. |
New York, NY : |
| Name of publisher, distributor, etc. |
Routledge, |
| Date of publication, distribution, etc. |
2009. |
| 263 ## - PROJECTED PUBLICATION DATE |
| Projected publication date |
0807 |
| 300 ## - PHYSICAL DESCRIPTION |
| Extent |
233 p. ; |
| Dimensions |
24 cm. |
| 490 1# - SERIES STATEMENT |
| Series statement |
Rethinking globalizations ; |
| Volume/sequential designation |
15 |
| 504 ## - BIBLIOGRAPHY, ETC. NOTE |
| Bibliography, etc. note |
Includes bibliographical references and index. |
| 505 00 - FORMATTED CONTENTS NOTE |
| Miscellaneous information |
Pt. I. |
| Title |
Globalizing insecurity -- |
| Miscellaneous information |
1. |
| Title |
Debating insecurity in a globalizing world: an introduction / |
| Statement of responsibility |
Damian Grenfell and Paul James -- |
| Miscellaneous information |
2. |
| Title |
Globalization and the changing face of war / |
| Statement of responsibility |
Paul James and Jonathan Friedman -- |
| Miscellaneous information |
3. |
| Title |
Globalization and the limits of current security paradigms / |
| Statement of responsibility |
Ronaldo Munck -- |
| Miscellaneous information |
4. |
| Title |
Global capitalism and the production of insecurity / |
| Statement of responsibility |
James Goodman -- |
| Miscellaneous information |
Pt. II. |
| Title |
Reconceptualizing security -- |
| Miscellaneous information |
5. |
| Title |
New wars and the therapeutic security paradigm / |
| Statement of responsibility |
Michael Humphrey -- |
| Miscellaneous information |
6. |
| Title |
Beyond the construction of consent in the War on Terror / |
| Statement of responsibility |
Kirsty Best -- |
| Miscellaneous information |
7. |
| Title |
Environmental security, climate change, and globalizing terrorism / |
| Statement of responsibility |
Robyn Eckersley -- |
| Miscellaneous information |
8. |
| Title |
Recasting Western knowledges about (postcolonial) security / |
| Statement of responsibility |
Phillip Darby -- |
| Miscellaneous information |
Pt. III. |
| Title |
Rethinking localized transnational conflicts -- |
| Miscellaneous information |
9. |
| Title |
Zones of conflict and the global War on Terror / |
| Statement of responsibility |
Martin Griffiths -- |
| Miscellaneous information |
10. |
| Title |
Political regimes in Southeast Asia and the War on Terror / |
| Statement of responsibility |
Garry Rodan -- |
| Miscellaneous information |
11. |
| Title |
Insecurity, risk, identity and violence in Kosovo / |
| Statement of responsibility |
John Tulloch -- |
| Miscellaneous information |
12. |
| Title |
Beyond Ethnocracy and conflict in Israel/Palestine? / |
| Statement of responsibility |
Oren Yiftachel -- |
| Miscellaneous information |
Pt. IV. |
| Title |
Renewal in the aftermath of violence -- |
| Miscellaneous information |
13. |
| Title |
Governance: rule and reconstruction after war / |
| Statement of responsibility |
Richard Caplan -- |
| Miscellaneous information |
14. |
| Title |
Reconciliation: violence and nation formation in Timor-Leste / |
| Statement of responsibility |
Damian Grenfell -- |
| Miscellaneous information |
15. |
| Title |
Recovery: taming the rwa bhineda after the Bali bombings / |
| Statement of responsibility |
Jeff Lewis and Belinda Lewis -- |
| Miscellaneous information |
16. |
| Title |
Resilience: wantoks, transnational traders and global politics / |
| Statement of responsibility |
John Handmer and Wei Choong. |
| 650 #0 - SUBJECT ADDED ENTRY--TOPICAL TERM |
| Topical term or geographic name entry element |
Security, International. |
| 650 #0 - SUBJECT ADDED ENTRY--TOPICAL TERM |
| Topical term or geographic name entry element |
Political violence. |
| 650 #0 - SUBJECT ADDED ENTRY--TOPICAL TERM |
| Topical term or geographic name entry element |
Globalization. |
| 700 1# - ADDED ENTRY--PERSONAL NAME |
| Personal name |
Grenfell, Damian. |
| 700 1# - ADDED ENTRY--PERSONAL NAME |
| Personal name |
James, Paul |
| Fuller form of name |
(Paul Warren), |
| Dates associated with a name |
1958- |
| 830 #0 - SERIES ADDED ENTRY--UNIFORM TITLE |
| Uniform title |
Rethinking globalizations ; |
| Volume/sequential designation |
15. |
| 900 ## - EQUIVALENCE OR CROSS-REFERENCE-PERSONAL NAME [LOCAL, CANADA] |
| Numeration |
TOC |
| 942 ## - ADDED ENTRY ELEMENTS (KOHA) |
| Source of classification or shelving scheme |
|
| Koha item type |
Book |
| 948 1# - LOCAL PROCESSING INFORMATION (OCLC); SERIES PART DESIGNATOR (RLIN) |
| Series part designator, SPT (RLIN) |
20080827 |
| b (OCLC) |
c |
| c (OCLC) |
sds12 |
| d (OCLC) |
MPS |